孔鬍子先生說

資料類型: Book 圖書   書目號:52125

Leader xxxxxxxxxx
001 __ PCLIS00052125
005 __ 20211227144215.0
010 0_ |a978-986-95084-4-5|b平裝|dNT$320
010 0_ |a4717211023204|b盒裝|dNT$499
100 __ |a20180417d2017    d  y0chiy09      e
101 0_ |achi
102 __ |atw
105 __ |aa   z   000yy
200 1_ |a孔鬍子先生說|f黃羿瓅撰寫|g六十九繪圖
205 __ |a第一版
210 __ |a臺北市|c親子天下出版|a[新北市新莊區]|c大和總經銷|d2017[民106]
215 0_ |a165面|c彩圖|d22公分|e2片光碟,1本手冊
225 2_ |a張曼娟論語學堂
225 2_ |a張曼娟學堂系列|v18
300 __ |a附件光碟及手冊由t037判定為附件,實為搭售之視聽資料非附件
302 __ |a部分內容為國語注音
320 __ |a附錄: 孔門十哲
333 __ |a適讀年齡: 10-15歲
410 _0 |12001 |a張曼娟論語學堂
410 _0 |12001 |a張曼娟學堂系列|v18
681 __ |a859.6|b8377
700 _1 |a|b羿瓅|4撰寫
702 _0 |a六十九|4繪圖
801 _0 |atw|b內湖高中|c20180417|gCCR
詳細館藏(共 1 筆)
索 書 號登 錄 號冊次號館別 / 館藏地流通類型狀態加入預約清單電子資源
859.6 / 8377 1025310  圖書館 / 一樓普通區 可外借30天 在館   

| 條列資料




目錄查詢 分類查詢 個人資料 圖書薦購 新書查詢 閉館日 排行榜 更多電子資源 Hami書城 線上資料庫 登出

From : 216.73.216.116

  本日流通累計至 17:14:09 借閱 : 9 次 續借 : 0 次 歸還 : 10 次 預約 : 0 次 電子資源 : 0 次


內湖高中圖書館  PCLIS 版本  25.5.0.2